000 00391pam a2200157a 44500
008 230515b1997 xxu||||| |||| 00| 0 eng d
020 _aNULL
041 _aENGLISH
082 _aNULL
100 _aPHADKE M. R. / PHADKE D. G. / PALAWE S. D.
245 _aELEMENTS OF CIVIL ENGINEERING
250 _aNULL
260 _aNULL
_bNIRALI PRAKASHAN
_c1997
300 _a283 PB
650 _aNULL
999 _c628894
_d628894